Feldgemüsse bau

Saved in:
Bibliographic Details
Main Author: Bielka, Rudolf
Format: Book
Language:German
Published: Berlin VEB Deutscher Landwirtschaftsverlag 1969
Edition:4. neu bearb. Auflage
Tags: Add Tag
No Tags, Be the first to tag this record!

MARC

LEADER 00000nam a2200000 4500
001 c122067
005 20221207065059.5
041 0 |a ger 
044 |a DE 
245 1 0 |a Feldgemüsse bau  |c Rudolf Bielka 
250 |a 4. neu bearb. Auflage 
264 1 |a Berlin  |b VEB Deutscher Landwirtschaftsverlag  |c 1969 
300 |a 472 s. 
100 1 |a Bielka, Rudolf